000 00720nam a22002177a 4500
003 OSt
005 20250820035728.0
008 250820b |||||||| |||| 00| 0 eng d
020 _a978-621-8122-18-5
040 _aDWC-Main Lib
_cOC
082 _aFil. 004.678 W364 2019
100 _aVelaso, Lorden U.
245 _aWeb development 1 :
_ban introduction to web computing/
_cLorden U. Velaso [and five others]
250 _aFirst edition
260 _aMalabon City :
_bJimczyville Publication,
_cc2019.
300 _aiv, 174 pages :
_billustrations ;
_c26cm.
504 _aIncludes glossary.
650 _a1. World Wide Web.
650 _a2. Internet Programming.
942 _2ddc
_cBK - FIL
_eFirst edition
_kFil.
_n0
999 _c4105
_d4105